Most streamed songs : Eminem - Statistics

General Stats
  • This quiz has been taken 102 times
  • The average score is 7 of 10
Answer Stats
Streams Song % Correct
2 149 500 000 Lose Yourself
92%
2 082 500 000 Without Me
85%
1 750 500 000 The Real Slim Shady
79%
1 493 000 000 Love The Way You Lie (with Rihanna)
74%
1 065 000 000 Rap God
74%
1 096 000 000 Stan (with Dido)
70%
1 626 000 000 Mockingbird
69%
1 424 000 000 Godzilla (feat. Juice WRLD)
62%
1 924 000 000 Till I Collapse
48%
1 010 500 000 The Monster (with Rihanna)
40%
No matching quizzes found
Score Distribution
Percent of People with Each Score
Percentile by Number Answered
Your Score History
You have not taken this quiz